00505nam a2200169Ia 4500008004100000082002100041100002800062245002900090250000600119260002400125300001000149500002400159650002400183942000700207952010400214999001700318230524s9999 xx 000 0 und d a338.7610053bGOY aKaushal K. Goyal945124 0aBILL GATES : A Biography a1 aDelhibPigeonc2020 a163p; aQuantity Number: 1 aMiscellaneous91877 cBK 00104070aTATCLbTATCLcGENd2023-05-24l0o338.7610053092 GOYp60748r2023-05-24w2023-05-24yBK c60748d60748